|
|
|
|
| LEADER |
02569nam a22004695i 4500 |
| 001 |
978-3-540-34625-8 |
| 003 |
DE-He213 |
| 005 |
20151204190934.0 |
| 007 |
cr nn 008mamaa |
| 008 |
100301s2007 gw | s |||| 0|eng d |
| 020 |
|
|
|a 9783540346258
|9 978-3-540-34625-8
|
| 024 |
7 |
|
|a 10.1007/978-3-540-34625-8
|2 doi
|
| 040 |
|
|
|d GrThAP
|
| 050 |
|
4 |
|a HB1-846.8
|
| 072 |
|
7 |
|a KCA
|2 bicssc
|
| 072 |
|
7 |
|a BUS069030
|2 bisacsh
|
| 082 |
0 |
4 |
|a 330.1
|2 23
|
| 245 |
1 |
0 |
|a Long Memory in Economics
|h [electronic resource] /
|c edited by Gilles Teyssière, Alan P. Kirman.
|
| 264 |
|
1 |
|a Berlin, Heidelberg :
|b Springer Berlin Heidelberg,
|c 2007.
|
| 300 |
|
|
|a XII, 389 p.
|b online resource.
|
| 336 |
|
|
|a text
|b txt
|2 rdacontent
|
| 337 |
|
|
|a computer
|b c
|2 rdamedia
|
| 338 |
|
|
|a online resource
|b cr
|2 rdacarrier
|
| 347 |
|
|
|a text file
|b PDF
|2 rda
|
| 505 |
0 |
|
|a Statistical Methods -- Recent Advances in ARCH Modelling -- Intermittency, Long-Memory and Financial Returns -- The Spectrum of Euro-Dollar -- Hölderian Invariance Principles and Some Applications for Testing Epidemic Changes -- Adaptive Detection of Multiple Change-Points in Asset Price Volatility -- Bandwidth Choice, Optimal Rates and Adaptivity in Semiparametric Estimation of Long Memory -- Wavelet Analysis of Nonlinear Long-Range Dependent Processes. Applications to Financial Time Series -- Prediction, Orthogonal Polynomials and Toeplitz Matrices. A Fast and Reliable Approximation to the Durbin-Levinson Algorithm -- Economic Models -- A Nonlinear Structural Model for Volatility Clustering -- Volatility Clustering in Financial Markets: Empirical Facts and Agent-Based Models -- The Microeconomic Foundations of Instability in Financial Markets -- A Minimal Noise Trader Model with Realistic Time Series Properties -- Long Memory and Hysteresis.
|
| 650 |
|
0 |
|a Game theory.
|
| 650 |
|
0 |
|a Statistics.
|
| 650 |
|
0 |
|a Economic theory.
|
| 650 |
|
0 |
|a Econometrics.
|
| 650 |
1 |
4 |
|a Economics.
|
| 650 |
2 |
4 |
|a Economic Theory/Quantitative Economics/Mathematical Methods.
|
| 650 |
2 |
4 |
|a Game Theory, Economics, Social and Behav. Sciences.
|
| 650 |
2 |
4 |
|a Statistics for Business/Economics/Mathematical Finance/Insurance.
|
| 650 |
2 |
4 |
|a Econometrics.
|
| 700 |
1 |
|
|a Teyssière, Gilles.
|e editor.
|
| 700 |
1 |
|
|a Kirman, Alan P.
|e editor.
|
| 710 |
2 |
|
|a SpringerLink (Online service)
|
| 773 |
0 |
|
|t Springer eBooks
|
| 776 |
0 |
8 |
|i Printed edition:
|z 9783540226949
|
| 856 |
4 |
0 |
|u http://dx.doi.org/10.1007/978-3-540-34625-8
|z Full Text via HEAL-Link
|
| 912 |
|
|
|a ZDB-2-SBE
|
| 950 |
|
|
|a Business and Economics (Springer-11643)
|